| 000 | 00408nam a2200145 i 4500 | ||
|---|---|---|---|
| 001 | 58944 | ||
| 003 | ES-MaACL | ||
| 005 | 20230906163926.0 | ||
| 007 | t| | ||
| 008 | 031024s1977 iq ||||1| spa d | ||
| 245 | 0 | 3 |
_aLa economía de Irak _b: desarrollo, perspectivas : 1958-1976-1980. |
| 260 |
_a[Bagdag : _bRepública Iraquí, _c1977] |
||
| 300 |
_a197 p. ; _c23 cm. |
||
| 852 |
_aES-MaACL _jA-7738 _bR.96697 |
||
| 999 |
_c58944 _d58944 |
||